000 00845cam a2200217 a 4500
001 000006008
005 20200929151901.0
008 840619s1982 cu 001 p spa
040 _aDO-SdBNP
_bspa
_cBNPHU
082 _aM861.4
_bP391p
100 1 _aPellicer, Carlos,
_qCarlos Pellicer Cámara
_d1897-1977.
_916918
245 1 0 _aPoesía :
_by el estudio Aguas de Carlos Pellicer de José Prats Sario /
_cCarlos Pellicer ; edición Dominica Diez.
260 _aLa Habana :
_bCasa de las Américas,
_c1982.
300 _aix, 480 p. ;
_c19 cm.
490 1 _aLiteratura latinoaméricana
_v108
650 4 _aPoesía mexicana
_99120
650 4 _aLiteratura mexicana
_ySIGLO XX
_99216
700 1 _aPrats Sariol, José,
_d1946-
_tAguas de Carlos Pellicer.
_916919
700 1 _aDiez, Dominica,
_eed.
_914421
830 0 _aLiteratura latinoaméricana
_v108
_9500
999 _c5804
_d5804